banner koha

Flutuações temporais nos padrões de distribuição diamétrica da comunidade arbóreo-arbustivo e de 15 populações em um fragmento florestal (Registro n. 231719)

MARC details
000 -LÍDER
campo de controle de tamanho fixo 01310nas a2200373 4500
001 - NÚMERO DE CONTROLE
campo de controle BR2013007744
003 - IDENTIFICADOR DO NÚMERO DE CONTROLE
campo de controle BR-BrBNA
005 - DATA E HORÁRIO DA ÚLTIMA TRANSAÇÃO
campo de controle 20231205123013.0
007 - CAMPO FIXO DE DESCRIÇÃO FÍSICA--INFORMAÇÃO GERAL
campo de controle de tamanho fixo ta
008 - CAMPO DE DADOS FIXOS--INFORMAÇÃO GERAL
campo de controle de tamanho fixo 230509b bl.|||p| |||| 00| 00por d
040 ## - FONTE DA CATALOGAÇÃO
Instituição da catalogação original BR-BrBNA
Idioma da catalogação por
Instituição que transcreveu o registro Biblioteca Nacional de Agricultura
041 ## - CÓDIGO DE IDIOMA
Código do idioma do texto/trilha sonora ou título diferente (Pt)
072 ## - CÓDIGO DE CATEGORIA DE ASSUNTO
Código de Categoria de Assunto K10
100 1# - ENTRADA PRINCIPAL--NOME PESSOAL
Nome pessoal Machado, E.L.M.
100 1# - ENTRADA PRINCIPAL--NOME PESSOAL
Nome pessoal Gonzaga, A.P.D.
100 1# - ENTRADA PRINCIPAL--NOME PESSOAL
Nome pessoal Carvalho, W.A.C.
100 1# - ENTRADA PRINCIPAL--NOME PESSOAL
Nome pessoal Souza, J.S.
100 1# - ENTRADA PRINCIPAL--NOME PESSOAL
Nome pessoal Higuchi, P.
100 1# - ENTRADA PRINCIPAL--NOME PESSOAL
Nome pessoal Santos, R. M. dos
100 1# - ENTRADA PRINCIPAL--NOME PESSOAL
Nome pessoal Silva, A.C. da
100 1# - ENTRADA PRINCIPAL--NOME PESSOAL
Nome pessoal Oliveira-Filho, A.T. de<br/>
245 1# - TÍTULO
Título Flutuações temporais nos padrões de distribuição diamétrica da comunidade arbóreo-arbustivo e de 15 populações em um fragmento florestal
246 1# - FORMA VARIANTE DO TÍTULO
Título/título abreviado Temporal fluctuations in the diametric distribution patterns of the trees and shrub community and 15 populations in a forest fragment
650 ## - ASSUNTO--TERMO TÓPICO
Cabeçalho tópico ou nome geográfico FLORESTA
650 ## - ASSUNTO--TERMO TÓPICO
Cabeçalho tópico ou nome geográfico DIÂMETRO
650 ## - ASSUNTO--TERMO TÓPICO
Cabeçalho tópico ou nome geográfico FLUTUAÇÃO POPULACIONAL
650 ## - ASSUNTO--TERMO TÓPICO
Cabeçalho tópico ou nome geográfico LEVANTAMENTO<br/>
650 ## - ASSUNTO--TERMO TÓPICO
Cabeçalho tópico ou nome geográfico <br/>
650 ## - ASSUNTO--TERMO TÓPICO
Cabeçalho tópico ou nome geográfico <br/>
773 0# - ENTRADA ANALÍTICA
Título Revista Árvore (Brazil)
ISSN - International Standard Serial Number ISSN 0100-6762<br/>
Partes relacionadas (Jul-Aug 2010), v. 34(4) p. 723-732
Número de controle do registro BR2013007744
856 4# - LOCALIZAÇÃO ELETRÔNICA E ACESSO
Uniform Resource Identifier <a href="http://www.scielo.br/pdf/rarv/v34n4/v34n4a17.pdf">http://www.scielo.br/pdf/rarv/v34n4/v34n4a17.pdf</a>
Texto de ligação Recurso eletrônico (PDF)
909 ## -
-- 202311
-- Lúcia
-- 55
-- Lúcia Elande
942 ## - ELEMENTOS DE ENTRADA ADICIONADOS (KOHA)
Fonte da classificação ou esquema de arquivamento na estante Classificação AGRIS
Ocultar no OPAC Não
Tipo de material Koha Analítica
Exemplares
Situação do descarte Fonte da classificação ou esquema de arquivamento na estante Situação física Não pode ser emprestado Biblioteca de origem Biblioteca atual Localização na estante Enumeração do periódico / cronologia Total de empréstimos Data de último acesso Número do exemplar Tipo de material Koha Fonte de aquisição
  Classificação AGRIS   Consulta local Biblioteca Nacional de Agricultura - Binagri Biblioteca Nacional de Agricultura - Binagri   (Jul-Aug 2010), v. 34(4) p. 723-732   29/11/2023 01 Periódicos Portaria Interministerial nº 164/94

BINAGRI

Telefone: (61)3218-2567/2388/3357/2097 - binagri@agro.gov.br

Ministério da Agricultura e Pecuária , Esplanada dos Ministérios, Bloco D, Anexo B, Brasília/DF, CEP: 70.043-900